000 01132nas a2200241 a 4500
001 000059852
005 20200120223857.0
008 111117c2013 ck wr1p 0 0spa d
015 _aS
_bS
_cS
245 1 0 _aRevista semana :
_bBicentenario Cundinamarca 1813-2013 /
_cdirector Alejandro Santos ; editor general José Fernando Hoyos E. ; investigación Fabio Andrés Prieto ; ilustraciones Emerson Baraona, Javier de la Torre ; fotografía Juan Carlos Sierra ... [et al.].
260 _aBogotá :
_bPublicaciones Semana ;
_aCundinamarca,
_c2013.
300 _a130p. :
_bil. col., fots.
310 _aSemanal.
651 4 _aNariño, el triunfo de las ideas
_xHistoria
_xCronología
_vPublicaciones seriadas.
651 4 _aCundinamarca Bastión de la independencia
_xColonias
_vPublicaciones seriadas.
651 4 _aDefensa de Nariño ante el Senado
_xDescripción
_vPublicaciones seriadas.
700 1 _aSantos, Alejandro,
_edir.
700 1 _aHoyos E., José Fernando,
_eed.
700 1 _aPrieto, Fabio Andrés,
_einv.
700 1 _aBaraona, Emerson,
_eil.
700 1 _aTorre, Javier de la,
_eil.
700 1 _aSierra, Juan Carlos,
_efot.
999 _c7361
_d7361